Automobilový priemysel EÚ a hospodárska kríza

Vývojové trendy automobilového priemyslu v SR a vybraných krajinách EÚ. Analýza priemyselnej politiky v krajinách EÚ a opatrenia na podporu automobilového priemyslu.

Na minha lista:
Detalhes bibliográficos
Autor principal: Fifeková, Elena
Outros Autores: Nemcová, Edita, Sabo, Štefan
Formato: Capítulo de Livro
Idioma:eslovaco
Assuntos:
Tags: Adicionar Tag
Sem tags, seja o primeiro a adicionar uma tag!

MARC

LEADER 00000naa a2200000 4500
001 0125492
005 20240502072430.4
041 0 |a slo 
044 |a SK 
245 1 0 |a Automobilový priemysel EÚ a hospodárska kríza  |c Elena Fifeková, Edita Nemcová, Štefan Sabo 
520 |a Vývojové trendy automobilového priemyslu v SR a vybraných krajinách EÚ. Analýza priemyselnej politiky v krajinách EÚ a opatrenia na podporu automobilového priemyslu. 
610 2 0 |a priemysel automobilový 
610 2 0 |a kríza hospodárska 
610 2 0 |a Európska únia 
610 2 0 |a politika priemyselná 
610 2 0 |a Nemecko 
610 2 0 |a Francúzsko 
610 2 0 |a Taliansko 
610 2 0 |a Česko 
610 2 0 |a Slovensko 
610 2 0 |a Maďarsko 
100 1 |a Fifeková, Elena 
700 1 |a Nemcová, Edita 
700 1 |a Sabo, Štefan